Best Picture Winners by Historical Event Quiz Stats

 Plays Quiz not verified by Sporcle

Score 0/20 Timer 05:00
0 Plays Today
Events Winners % Correct
Princess Diana dies in car crashTitanic
86.1%
Barack Obama elected as first African-American president of USSlumdog Millionaire
78.7%
Berlin Wall fallsDriving Miss Daisy
75.5%
Soviet Union collapsesThe Silence of the Lambs
73.6%
Killing spree at Columbine high schoolAmerican Beauty
71.8%
Munich Olympics massacreThe Godfather
71.3%
Neil Armstrong becomes first man on moonMidnight Cowboy
69%
US declares end to the Iraq WarThe Artist
69%
Earthquake meausuring 9.3 on Richter Scale hits Indian OceanMillion Dollar Baby
60.2%
Margaret Thatcher becomes Prime Minister of UKKramer vs. Kramer
55.6%
Events Winners % Correct
John Paul II becomes PopeThe Deer Hunter
50.9%
Sandra Day O'Connor appointed to US Supreme CourtChariots of Fire
49.5%
Japanese attack Pearl HarborHow Green Was My Valley
48.6%
Malcolm X assassinatedThe Sound of Music
45.8%
Bonnie and Clyde killed by policeIt Happened One Night
37%
Rosa Parks refuses to give up her seat on a busMarty
34.3%
Princess Elizabeth becomes queen of UKThe Greatest Show on Earth
28.7%
King Edward VIII abdicatesThe Great Ziegfeld
27.3%
NATO establishedAll the King's Men
24.5%
Escape from Alcatraz prisonLawrence of Arabia
23.6%

You're not logged in!

Compare scores with friends on all Sporcle quizzes.
OR
Log In

You Might Also Like...

Show Comments

Extras

Top Quizzes Today


Score Distribution

Your Account Isn't Verified!

In order to create a playlist on Sporcle, you need to verify the email address you used during registration. Go to your Sporcle Settings to finish the process.

Report this User

Report this user for behavior that violates our Community Guidelines.

Details: